[Event "3rd Novy Bor Open"]
[Site "Novy Bor CZE"]
[Date "2012.02.15"]
[Round "6"]
[White "Jinova,L"]
[Black "Grabarczyk,S"]
[Result "1-0"]
[WhiteElo "2129"]
[BlackElo "1872"]

1.e4 d6 2.d4 g6 3.Nc3 Bg7 4.Bg5 Nf6 5.e5 Ng4 6.h3 Nh6 7.Qd2 Ng8 8.f4 h6 9.Bh4 dxe5
10.fxe5 c5 11.Bb5+ Bd7 12.Nf3 cxd4 13.Qxd4 Nc6 14.Qe4 Qa5 15.O-O O-O-O 16.Rad1 g5
17.Bg3 e6 18.Nd2 f5 19.exf6 Nxf6 20.Rxf6 Bxf6 21.Nc4 Qb4 22.Bd6 Bxc3 23.Bxb4 Bxb4
24.Bxc6 Bc5+ 25.Kh2 bxc6 26.Rxd7 Rxd7 27.Qxc6+ Rc7 28.Qa8+  1-0

[Event "ch-ROU Women 2012"]
[Site "Sarata Monteoru ROU"]
[Date "2012.02.16"]
[Round "4.3"]
[White "Cosma,E"]
[Black "Dragomirescu,An"]
[Result "1-0"]
[WhiteElo "2325"]
[BlackElo "2240"]

1.d4 d6 2.e4 g6 3.Nc3 Bg7 4.Be3 a6 5.f4 b5 6.Nf3 Bb7 7.Bd3 Nf6 8.e5 Nd5 9.Nxd5 Bxd5
10.a4 b4 11.O-O a5 12.f5 dxe5 13.dxe5 gxf5 14.Bxf5 Nc6 15.Qe2 Nxe5 16.Nxe5 Bxe5
17.Rad1 e6 18.Bxe6 Bxh2+ 19.Kxh2 fxe6 20.Qh5+ Kd7 21.Rxd5+ exd5 22.Qxd5+  1-0

[Event "ch-Central Serbia 2012"]
[Site "Pozarevac SRB"]
[Date "2012.02.17"]
[Round "7.12"]
[White "Stojkovic,Mir"]
[Black "Bura,G"]
[Result "1-0"]
[WhiteElo "2235"]
[BlackElo "2222"]

1.e4 g6 2.d4 Bg7 3.Nc3 d6 4.h3 a6 5.Bc4 b5 6.Bb3 Bb7 7.Nf3 Nf6 8.Qe2 Nbd7
9.e5 dxe5 10.dxe5 Bxf3 11.gxf3 Nh5 12.Bxf7+ Kxf7 13.e6+ Kg8 14.exd7 Qxd7
15.Bd2 Qc6 16.O-O-O e5 17.Ne4 h6 18.Rhg1 Kh7 19.Rg4 Rhe8 20.Rdg1 Re6 21.Qd3 Qe8
22.Rh4 Kh8 23.Rhg4 Rd8 24.Qb3 Kh7 25.Re1 Rc6 26.f4 Qd7 27.fxe5 Bxe5 28.Qe3 Bg7
29.Bc3 Rh8 30.Nc5 Qf5 31.Ne6 Re8 32.Re4 Bxc3 33.bxc3 Rg8 34.Nd4 Qc5 35.Nxc6 Qxc6
36.Re7+ Ng7 37.Rd1 g5 38.Rdd7  1-0

[Event "3rd Jerry Hanken FIDE Open"]
[Site "Stillwater USA"]
[Date "2012.02.18"]
[Round "1.7"]
[White "Yagiz,B"]
[Black "Markley,Jim"]
[Result "1-0"]
[WhiteElo "1908"]
[BlackElo "1901"]

1.e4 g6 2.d4 d6 3.Nc3 Bg7 4.Nf3 Nc6 5.h3 a6 6.Be3 e6 7.a4 Nge7 8.Qd2 h5 9.Bc4 d5
10.Bd3 Nb4 11.e5 Nxd3+ 12.Qxd3 Nf5 13.Bf4 Bh6 14.Qd2 Bxf4 15.Qxf4 Bd7 16.O-O Qe7
17.Ra3 Rc8 18.Rb3 Rb8 19.Ra1 Kf8 20.Nd1 Kg7 21.Ne3 Nxe3 22.Rxe3 b6 23.b4 Rhf8
24.c3 Rfc8 25.g4 Rh8 26.g5 Rhc8 27.Kg2 c5 28.Nh4 cxb4 29.cxb4 Rc4 30.Rb3 Rbc8
31.b5 a5 32.Nf3 Rc2 33.Rba3 Qd8 34.Ne1 R2c4 35.Rf3 Be8 36.Qd2 Qd7 37.Rfa3 R8c7
38.Qf4 Rc1 39.Nd3 R1c4 40.Qh4 Rc2 41.Nf4 R7c4 42.Rg3 Kh7 43.Nxh5 gxh5 44.g6+  1-0

[Event "TCh-HUN 2011-12"]
[Site "Budapest HUN"]
[Date "2012.02.19"]
[Round "6"]
[White "Horvath,Ju"]
[Black "Veszpremi,A"]
[Result "1-0"]
[WhiteElo "2211"]
[BlackElo "2256"]

1.d4 g6 2.e4 Bg7 3.Nc3 d6 4.Be3 c6 5.Qd2 Nf6 6.f3 O-O 7.O-O-O b5 8.g4 Nbd7
9.h4 b4 10.Nce2 Qa5 11.Kb1 h5 12.g5 Ne8 13.Nc1 Rb8 14.f4 d5 15.Nb3 Qc7 16.f5 dxe4
17.Bf4 Nd6 18.f6 exf6 19.Qh2 a5 20.Bxd6 Qb6 21.Bxb8 Nxb8 22.gxf6 Bxf6 23.Qf4 Bg7
24.Bh3 a4 25.Nc5 a3 26.Bxc8 Rxc8 27.Nh3 Na6 28.Ng5 f6 29.Qxe4 fxg5 30.Qe6+ Kh7
31.Qxc8 Nxc5 32.dxc5 Qxc5 33.Qe6 Bxb2 34.Rd6  1-0

[Event "3rd Jerry Hanken FIDE Open"]
[Site "Stillwater USA"]
[Date "2012.02.19"]
[Round "4.3"]
[White "Langer,M USA"]
[Black "Graham,S"]
[Result "1/2-1/2"]
[WhiteElo "2212"]
[BlackElo "1998"]

1.e4 g6 2.d4 Bg7 3.Nc3 d6 4.Be3 a6 5.Qd2 Nd7 6.O-O-O b5 7.d5 Ngf6 8.f3 e6
9.Bh6 Bxh6 10.Qxh6 Qe7 11.Nh3 b4 12.Na4 Rb8 13.dxe6 fxe6 14.Be2 Ne5 15.g4 Bd7
16.b3 Bxa4 17.bxa4 Qd7 18.Kb1 Qxa4 19.Qg7 b3 20.Qxh8+ Ke7 21.Qg7+ Nf7 22.cxb3 Rxb3+
23.Ka1 Rb2 24.Kxb2 Qb4+ 25.Kc2 Qa4+ 26.Kd3 Qa3+ 27.Kd2 Qa5+ 28.Kc1  1/2-1/2

[Event "3rd Jerry Hanken FIDE Open"]
[Site "Stillwater USA"]
[Date "2012.02.20"]
[Round "8.5"]
[White "Tutush,Dusan"]
[Black "Yagiz,B"]
[Result "1/2-1/2"]
[WhiteElo "1943"]
[BlackElo "1908"]

1.d4 g6 2.e4 Bg7 3.Nc3 d6 4.Nf3 Nf6 5.h3 O-O 6.Bg5 c5 7.dxc5 Qa5 8.Bd2 Qxc5
9.Bd3 h6 10.O-O Be6 11.Kh1 Nbd7 12.Be3 Qh5 13.Ne2 Bg4 14.Ng3 Bxf3 15.Nxh5 Bxd1
16.Nxf6+ Bxf6 17.Rfxd1 Kg7 18.c3 Ne5 19.Be2  1/2-1/2

[Event "16th Guingamp Open"]
[Site "Guingamp FRA"]
[Date "2012.02.21"]
[Round "5"]
[White "Ginovart,A"]
[Black "Serafimov,T"]
[Result "1/2-1/2"]
[WhiteElo "1798"]
[BlackElo "2426"]

1.e4 g6 2.d4 Bg7 3.Nc3 d6 4.h3 Nf6 5.Nf3 O-O 6.Be2 c5 7.O-O cxd4 8.Nxd4 Nc6
9.Be3 Bd7 10.Qd2 Nxd4 11.Bxd4 Bc6 12.Qe3 e5 13.Bxa7 Nd7 14.a4 b6 15.Bb5 Qc7
16.Bxc6 Qxc6 17.Nd5 Qxc2 18.Bxb6 Rxa4 19.Rxa4 Qxa4 20.Bc7 Qa6 21.Qa3 Qc4
22.Qxd6 Nf6 23.Qb4 Qxb4 24.Nxb4 Nxe4 25.Re1 Nd2 26.Bxe5 Bxe5 27.Rxe5 Nc4
28.Re2 Rb8 29.Nd3 Rb3 30.Rc2  1/2-1/2

[Event "TCh-CAT 2012"]
[Site "Catalunya ESP"]
[Date "2012.02.25"]
[Round "5.5"]
[White "Alias Ginel,O"]
[Black "Vives Esmerat,J"]
[Result "0-1"]
[WhiteElo "2193"]
[BlackElo "2302"]

1.Nc3 g6 2.e4 Bg7 3.d4 d6 4.f4 Nc6 5.d5 Nd4 6.Be3 c5 7.dxc6 Nxc6 8.Nf3 Nf6
9.h3 O-O 10.Qd2 Bd7 11.g4 Qa5 12.f5 Rac8 13.Bd3 Nb4 14.Bh6 Bxh6 15.Qxh6 Nxc2+
16.Bxc2 Rxc3 17.Qd2 Re3+ 18.Kd1 Qxd2+ 19.Nxd2 Bc6 20.Nc4 Bxe4 21.Nxe3 Bxh1
22.Kd2 Bc6 23.Re1 d5 24.Kd3 e5 25.fxe6 fxe6 26.Kd4 Nd7 27.Bb3 Rf4+ 28.Kd3 Nc5+
29.Kc2 d4 30.Nc4 Rf2+ 31.Nd2 Kf7 32.Bc4 Ne4 33.Rf1 Rxf1 34.Nxf1 Nf2 35.Ng3 Kf6
36.g5+ Kxg5 37.Bxe6 Kh4 38.Nf1 Nxh3 39.Nd2 Nf4 40.Bc4 g5 41.b4 a6 42.Kb3 g4
43.a4 b5  0-1

[Event "TCh-CZE Liga1 Vychod"]
[Site "Czech Rep CZE"]
[Date "2012.02.26"]
[Round "9"]
[White "Navratil,Ji2"]
[Black "Nedela,V"]
[Result "0-1"]
[WhiteElo "2015"]
[BlackElo "2322"]

1.e4 g6 2.d4 Bg7 3.Nc3 d6 4.Be3 c6 5.Qd2 b5 6.Bd3 a6 7.f4 Qb6 8.Nf3 Bg4 9.Ne2 Nf6
10.c3 Nbd7 11.O-O Bxf3 12.gxf3 Qc7 13.Kh1 Nb6 14.b3 c5 15.Rg1 c4 16.Bc2 Bh6
17.d5 Rc8 18.Qd4 Rb8 19.Bf2 Bg7 20.f5 Nh5 21.Qd2 b4 22.Bd4 bxc3 23.Qxc3 Be5
24.Bxe5 dxe5 25.bxc4 Qxc4 26.Qxc4 Nxc4 27.Ba4+ Kf8 28.fxg6 hxg6 29.Rac1 Rb4
30.Bb3 Nd2 31.Rc3 Kg7 32.Rd1 Nxb3 33.Rxb3 Rc4 34.Rc1 Rxc1+ 35.Nxc1 Rc8 36.Nd3 Rc2
37.Rb2 Rc3 38.Rb3 Rc2 39.Rb2 Rc3 40.Nxe5 Nf4 41.h4 Kf6 42.Nc6 e6 43.e5+ Kf5
44.Rb7 f6 45.exf6 Kxf6 46.Nd8 exd5 47.Rb6+ Kf5 48.Nc6 Rc1+ 49.Kh2 Rc2+ 50.Kg1 Ne2+
51.Kf1 Rxa2 52.Ne7+ Ke5 53.Nxg6+ Kd4 54.Ne7 Ng3+ 55.Kg1 Re2 56.Nc6+ Kc5 57.Rxa6 Kb5
58.Nb8 Re8 59.Rg6 Ne2+ 60.Kf1 d4 61.Nd7 d3 62.Rd6 Kc4 63.Nf6 Rf8 64.Ke1 Nd4
65.Kd1 Ra8 66.Ne4 Ra1+ 67.Kd2 Ra2+ 68.Kd1 Nxf3 69.Kc1 Re2 70.Rc6+ Kd5 71.Nc5 Kxc6  0-1

[Event "2nd HD Bank Cup 2012"]
[Site "Ho Chi Minh City VIE"]
[Date "2012.03.02"]
[Round "2.36"]
[White "Legaspi,R"]
[Black "Nguyen,Hoang Anh"]
[Result "1-0"]
[WhiteElo "2273"]
[BlackElo "1924"]

1.e4 d6 2.d4 g6 3.Nc3 Bg7 4.f4 Nf6 5.Nf3 O-O 6.Bd3 c5 7.dxc5 dxc5 8.O-O a6
9.Qe1 Nc6 10.e5 Nd5 11.Nxd5 Qxd5 12.Be4 Qd7 13.Be3 b6 14.Qh4 f6 15.f5 gxf5
16.Rad1 Qe8 17.Bd5+ e6 18.Bxc6 Qxc6 19.exf6 Rxf6 20.Ne5 Qb7 21.Rf3 Rf8 22.Rg3 Qe4
23.Rxg7+ Kxg7 24.Bh6+ Kh8  1-0

[Event "TCh-ISR 2011-12"]
[Site "Israel ISR"]
[Date "2012.03.02"]
[Round "11.4"]
[White "Gelman,A"]
[Black "Chernomordik,P"]
[Result "1/2-1/2"]
[WhiteElo "2413"]
[BlackElo "2301"]

1.e4 d6 2.d4 g6 3.Nc3 Bg7 4.Be3 a6 5.h3 b5 6.g4 Bb7 7.Bg2 Nd7 8.Nge2 e6 9.Ng3 Nb6
10.b3 c5 11.O-O Qc7 12.Nce2 Ne7 13.c3 O-O 14.Qd2 e5 15.f4 exd4 16.cxd4 f5
17.Rac1 c4 18.gxf5 gxf5 19.Kh1 fxe4 20.f5 Nbd5 21.bxc4 bxc4 22.Bh6 e3 23.Bxe3 Nxe3
24.Qxe3 Bxg2+ 25.Kxg2 Qc6+ 26.Kh2 Nd5 27.Qf3 Rac8 28.Nh5 Kh8 29.Rg1 Bh6 30.Rcd1 c3
31.f6 c2 32.Rdf1 Nxf6 33.Qxc6 Rxc6 34.Rxf6 Re8 35.Nc1 Be3 36.Rgf1 Rcc8 37.Rxd6 Rb8
38.Rc6 Rbc8 39.d5 Rxc6 40.dxc6 Rc8 41.Nd3 h6 42.Ng3 Rxc6 43.Ne2 Rd6 44.Nec1 Kg7
45.Kg2 h5 46.Kf3 Bh6 47.Rf2 Rf6+ 48.Kg2 Rc6 49.Rf5 h4 50.Rh5 Rc4 51.Kf3 Rc3
52.Kg2 Rc4 53.Kf1 Rd4 54.Re5 Kf6 55.Re2 Rc4 56.Ke1 Kf5 57.Re5+ Kf6 58.Re2 Kf5
59.Kf2 Rc3 60.Re5+ Kf6 61.Ra5 Rc6 62.Kf3 Rd6 63.Rc5 Bxc1 64.Nxc1 Rd2 65.Rc3 Rh2
66.Kg4 Ke5 67.Kxh4 Kd4 68.Rc6 Ke3 69.Kg4 Rg2+ 70.Kh5 Kd2 71.Nb3+ Kd1 72.Rd6+ Ke1
73.Re6+ Kd1 74.Rd6+ Ke1 75.h4 a5 76.Re6+ Kd1 77.Rd6+ Ke1 78.Rc6 a4 79.Nd4 Kd1
80.Nxc2 Rxc2 81.Rxc2 Kxc2 82.Kg4 a3 83.h5 Kb1 84.h6 Kxa2 85.h7 Kb1  1/2-1/2

[Event "European Ind w 2012"]
[Site "Gaziantep TUR"]
[Date "2012.03.03"]
[Round "2"]
[White "Muzychuk,M"]
[Black "Rakic,Ma"]
[Result "1-0"]
[WhiteElo "2490"]
[BlackElo "2270"]

1.e4 g6 2.d4 Bg7 3.Nc3 d6 4.Be3 a6 5.Qd2 b5 6.h4 h5 7.f3 Nd7 8.Nh3 c5 9.Ng5 Bb7
10.O-O-O Qa5 11.dxc5 Bxc3 12.Qxc3 Qxc3 13.bxc3 dxc5 14.Nxf7 Kxf7 15.Rxd7 Bc8
16.Rd8 c4 17.Bd4 Rh7 18.Be2 Bb7 19.Rxa8 Bxa8 20.Rd1 Bc6 21.Bb6 Rg7 22.Bd4 Rh7
23.Be5 Nf6 24.Rd8 Rg7 25.Rc8 Bd7 26.Rc7 Ke6 27.f4 Rg8 28.Rxc4 Ng4 29.Rc5 Kf7
30.Bd4 Nf6 31.Rc7 Be6 32.Bxf6 Kxf6 33.Rc6 Rc8 34.Rxa6 Rxc3 35.Bxb5 Kf7 36.Bd3  1-0

[Event "2nd HD Bank Cup 2012"]
[Site "Ho Chi Minh City VIE"]
[Date "2012.03.03"]
[Round "3.18"]
[White "Vasilyev,M"]
[Black "Shanava,K"]
[Result "0-1"]
[WhiteElo "2270"]
[BlackElo "2586"]

1.e4 g6 2.d4 Bg7 3.Nc3 d6 4.f4 Nc6 5.Be3 Nf6 6.Nf3 e6 7.Qd2 a6 8.O-O-O Ne7
9.h3 b5 10.a3 Bb7 11.Bd3 O-O 12.g4 a5 13.g5 Nh5 14.Ne2 b4 15.a4 Rc8 16.Qe1 c5
17.dxc5 dxc5 18.Nd2 Qc7 19.Nc4 Nd5 20.exd5 exd5 21.Rh2 Rfe8 22.Qf2 dxc4 23.Bxc4 Re4
24.Bd5 Bxd5 25.Rxd5 Rce8 26.Bxc5 Rxe2 27.Qxe2 Rxe2 28.Rxe2 Qxf4+ 29.Be3 Qf1+
30.Kd2 Bxb2 31.Rd8+ Kg7 32.Kd3  0-1

[Event "83rd ch-GER 2012"]
[Site "Osterburg GER"]
[Date "2012.03.03"]
[Round "2"]
[White "Lubbe,N"]
[Black "Schulz,Kar"]
[Result "1-0"]
[WhiteElo "2429"]
[BlackElo "2289"]

1.d4 d6 2.Nc3 g6 3.e4 Bg7 4.Be3 Nf6 5.Qd2 O-O 6.f3 e5 7.O-O-O exd4 8.Bxd4 Nc6
9.Be3 Be6 10.Nge2 Qe7 11.Bg5 Rfe8 12.h4 Qf8 13.h5 Bc4 14.hxg6 fxg6 15.Ng3 Bxf1
16.Rdxf1 Qf7 17.Rh4 Nb4 18.Kb1 Nd7 19.a3 Na6 20.Rfh1 Nf8 21.Nd5 Qe6 22.f4 c6
23.f5 gxf5 24.Nf4 Qe5 25.Nd3 Qxg3 26.R1h3 Qxh3 27.Rxh3 fxe4 28.Nf4 Nc5 29.Nh5 Re6
30.Nxg7 Kxg7 31.Bh6+ Kg8 32.Rg3+ Kf7 33.Rg7+ Ke8 34.Qf4 Ncd7 35.Rg8 Ke7 36.Bg5+ Ke8
37.Bh6 Ke7 38.Bg5+ Ke8 39.Rg7 Ne5 40.Qxe4 Nf7 41.Qf5 Nxg5 42.Qxg5  1-0

[Event "83rd ch-GER 2012"]
[Site "Osterburg GER"]
[Date "2012.03.03"]
[Round "2"]
[White "Huschenbeth,N"]
[Black "Alber,H"]
[Result "1-0"]
[WhiteElo "2509"]
[BlackElo "2340"]

1.e4 g6 2.d4 Bg7 3.Nc3 d6 4.f4 Nc6 5.Be3 Nf6 6.Nf3 O-O 7.Be2 e6 8.O-O b6
9.Kh1 Bb7 10.e5 Ng4 11.Bg1 Nb4 12.a3 Nd5 13.Nxd5 Bxd5 14.c4 Bb7 15.b4 f6
16.exd6 Qxd6 17.d5 exd5 18.c5 Qd7 19.Rc1 bxc5 20.Rxc5 Rfe8 21.Nd4 f5 22.Bb5 c6
23.Nxc6 Rec8 24.Na5 Qf7 25.Nxb7 Qxb7 26.Bc6  1-0

[Event "83rd ch-GER 2012"]
[Site "Osterburg GER"]
[Date "2012.03.03"]
[Round "2"]
[White "Ohme,M"]
[Black "Fridman,D"]
[Result "0-1"]
[WhiteElo "2387"]
[BlackElo "2653"]

1.e4 g6 2.d4 Bg7 3.Nc3 d6 4.Be3 a6 5.Qd2 b5 6.f3 Nd7 7.h4 h6 8.g4 h5 9.g5 e6
10.Nge2 Ne7 11.Bg2 Bb7 12.O-O O-O 13.Ng3 Nb6 14.b3 c5 15.Rad1 Qc7 16.Nce2 cxd4
17.Bxd4 e5 18.Bf2 d5 19.exd5 Nbxd5 20.Ne4 Nf5 21.Nc5 Bc6 22.c4 bxc4 23.bxc4 Nf4
24.Nxf4 exf4 25.Rfe1 Rad8 26.Qc1 Nd4 27.Ne4 Rfe8 28.Bxd4 Rxd4 29.Rxd4 Bxd4+
30.Kh2 Bxe4  0-1

[Event "10th Khazar Cup"]
[Site "Rasht IRI"]
[Date "2012.03.03"]
[Round "5"]
[White "Moosavian,S"]
[Black "Benidze,D"]
[Result "1-0"]
[WhiteElo "2343"]
[BlackElo "2530"]

1.e4 d6 2.d4 g6 3.Nc3 Bg7 4.Bc4 Nf6 5.Qe2 O-O 6.e5 Ne8 7.f4 Nc6 8.Be3 e6
9.Nf3 a6 10.g4 b5 11.Bd3 Nb4 12.Be4 Rb8 13.h4 f5 14.gxf5 gxf5 15.Bd3 Nxd3+
16.cxd3 b4 17.Nd1 Bb7 18.Rg1 dxe5 19.dxe5 Qd5 20.Rg3 h6 21.b3 Rd8 22.Nb2 Rf7
23.Rc1 Qa5 24.Na4 Bxf3 25.Qxf3 Rd5 26.Qh5 Rxe5 27.fxe5 Qxe5 28.Qg6 f4 29.d4 Qb5
30.Rf3 Rf6 31.Qe4 Nd6 32.Qe5 Qb7 33.d5 Nf7 34.Qxc7 Qxd5 35.Qc8+ Kh7 36.Qc2+ Kh8
37.Rxf4 Ne5 38.Rd1 Nf3+ 39.Kf2  1-0

[Event "TCh-AUT 2 Ost 2011-12"]
[Site "Bruck AUT"]
[Date "2012.03.04"]
[Round "7"]
[White "Neumeier,K"]
[Black "Krpelan,W"]
[Result "0-1"]
[WhiteElo "2293"]
[BlackElo "2257"]

1.e4 g6 2.d4 Bg7 3.Nc3 d6 4.Bc4 Nf6 5.Qe2 Nc6 6.Nf3 Bg4 7.Be3 e5 8.dxe5 Nxe5
9.Bb3 O-O 10.O-O-O Nxf3 11.gxf3 Be6 12.Bg5 Qc8 13.f4 Re8 14.f3 Nd7 15.Nd5 Bxd5
16.Rxd5 Nb6 17.Rdd1 a5 18.a3 a4 19.Ba2 Ra5 20.Qd3 Qd7 21.Rhg1 Qb5 22.Qxb5 Rxb5
23.c3 Kf8 24.Kc2 Rc5 25.Bh4 Ra5 26.Bg3 Rea8 27.Rg2 Re8 28.Rgd2 Bh6 29.Rd3 Rb5
30.e5 Nc8 31.Rd4 Bg7 32.Rxa4 dxe5 33.Rd7 Nd6 34.Rxc7 exf4 35.Bxf4 Be5 36.Bxe5 Rexe5
37.Rd4 Re2+ 38.Kd1 Rbxb2  0-1

[Event "TCh-CZE Extraliga 2011-12"]
[Site "Czech Republic CZE"]
[Date "2012.03.04"]
[Round "8.7"]
[White "Dubansky,B"]
[Black "Stratil,L jr"]
[Result "1-0"]
[WhiteElo "2237"]
[BlackElo "2369"]

1.e4 g6 2.d4 Bg7 3.Nc3 d6 4.Be3 Nd7 5.Qd2 e6 6.Bc4 a6 7.Nge2 Ne7 8.Bh6 Bxh6
9.Qxh6 Ng8 10.Qe3 h5 11.O-O-O b5 12.Bb3 Ne7 13.f4 Bb7 14.Rhe1 Nf6 15.h3 b4
16.d5 bxc3 17.Qxc3 e5 18.fxe5 dxe5 19.Qxe5 Qd6 20.Qc3 O-O-O 21.e5 Qb6 22.exf6 Nxd5
23.Bxd5 Rxd5 24.Rxd5 Bxd5 25.Nf4 Bb7 26.g3 Rd8 27.Nd3 Bd5 28.b3 Be6 29.h4 Bf5
30.Nc5 Bd7 31.Re7 Bb5 32.a4 Bf1 33.Qf3 c6 34.Qxf1  1-0

[Event "ch-Moscow S/F 2012"]
[Site "Moscow RUS"]
[Date "2012.03.04"]
[Round "7"]
[White "Aldokhin,I"]
[Black "Apryshko,G"]
[Result "1-0"]
[WhiteElo "2375"]
[BlackElo "2287"]

1.e4 g6 2.d4 Bg7 3.Nc3 d6 4.f4 e6 5.Nf3 Ne7 6.Be3 a6 7.Qd2 b5 8.Bd3 Nd7 9.O-O-O Nf6
10.a3 Bb7 11.h3 h6 12.g4 Qd7 13.Qf2 O-O-O 14.Nd2 Qe8 15.Nb3 Nd7 16.Na5 Ba8
17.a4 b4 18.Bxa6+ Kb8 19.d5 Nc8 20.Nb5  1-0

[Event "83rd ch-GER 2012"]
[Site "Osterburg GER"]
[Date "2012.03.04"]
[Round "3"]
[White "Kotainy,J"]
[Black "Siebrecht,S"]
[Result "0-1"]
[WhiteElo "2392"]
[BlackElo "2463"]

1.e4 g6 2.d4 Bg7 3.Nc3 d6 4.f4 Nf6 5.Nf3 O-O 6.Bd3 Na6 7.O-O c5 8.d5 Rb8
9.a4 Nc7 10.Qe2 a6 11.a5 Bd7 12.Na4 e6 13.dxe6 Nxe6 14.f5 Nc7 15.c4 Re8 16.Qc2 Bxa4
17.Rxa4 Qd7 18.Bf4 b5 19.axb6 Rxb6 20.b3 Reb8 21.Ra3 Ng4 22.Be2 Ne8 23.fxg6 hxg6
24.Rd1 Qe7 25.h3 Ne5 26.Rd5 Nc6 27.Rd1 Nd4 28.Nxd4 Bxd4+ 29.Kh1 Nf6 30.Bf3 Nd7
31.Rf1 Be5 32.Bg4 Bxf4 33.Bxd7 Be5 34.Bg4 Qh4 35.Qd3 Kg7 36.Bd1 Rf8 37.Ra2 Bd4
38.Bg4 Qg5 39.g3 Rfb8 40.Bd1 Re8 41.Kg2 Qe7 42.Bc2 Qb7 43.Kh2 Re6 44.Rf3 Qc6
45.Qf1 Rb7 46.Bb1 Rbe7 47.h4 f5 48.exf5 Re1 49.f6+ Bxf6 50.Rxf6 Rxf1 51.Rxf1 Qe8
52.Raf2 Re1 53.Bd3 Re3 54.Bc2 Re2 55.Bb1 Rxf2+ 56.Rxf2 Qe1  0-1

[Event "32nd TCh-IND w 2012"]
[Site "Panaji IND"]
[Date "2012.03.04"]
[Round "7"]
[White "Ramaswamy,A"]
[Black "Radhika Devi,Chavali"]
[Result "1-0"]
[WhiteElo "2179"]
[BlackElo "1440"]

1.e4 g6 2.d4 Bg7 3.Nc3 d6 4.Be3 Nf6 5.Qd2 O-O 6.Bh6 Nc6 7.d5 Ne5 8.Bxg7 Kxg7
9.f4 Ned7 10.Nf3 Nc5 11.Qd4 Kg8 12.e5 Nh5 13.Be2 b6 14.O-O-O Ng7 15.Qf2 Bf5
16.Qh4 h5 17.h3 e6 18.Qe1 Ne4 19.Bd3 Nxc3 20.Qxc3 exd5 21.Bxf5 Nxf5 22.Rxd5 Qe7
23.Re1 Qd7 24.exd6 cxd6 25.g4 hxg4 26.hxg4 Nh6 27.f5 gxf5 28.Qf6 Rfe8 29.Rxd6 Rxe1+
30.Nxe1 Qxd6 31.Qxd6 Nxg4 32.Qf4 Re8 33.Nf3 Ne3 34.Qg5+ Kf8 35.Qh6+  1-0

[Event "2nd HD Bank Cup 2012"]
[Site "Ho Chi Minh City VIE"]
[Date "2012.03.05"]
[Round "6.9"]
[White "Wan Yunguo"]
[Black "Hoang Canh Huan"]
[Result "1-0"]
[WhiteElo "2441"]
[BlackElo "2396"]

1.e4 g6 2.d4 Bg7 3.Nc3 d6 4.f4 a6 5.Nf3 b6 6.Bc4 e6 7.O-O Ne7 8.f5 gxf5 9.Ng5 h5
10.exf5 Nxf5 11.Nxf7 Qf6 12.Nxh8 Qxd4+ 13.Kh1 Qxd1 14.Nxd1 Bxh8 15.Ne3 Ne7
16.Be2 Nbc6 17.Bxh5+ Kd7 18.Rf8 Bb7 19.Rxa8 Bxa8 20.c3 Ne5 21.Bd2 Be4 22.Rf1 Bd3
23.Rf8 Bg7 24.Rb8 c5 25.Rb7+ Kd8 26.Ng4 Be4 27.Ra7 N5c6 28.Rxa6 Kc7 29.Nf2 Bb1
30.Ra4 d5 31.Rg4 Bh8 32.h4 Bf5 33.Rg3 Bb1 34.Be2 Nf5 35.Rg8 Bf6 36.h5 Nfe7
37.Rf8 Bh4 38.h6 c4 39.Bf4+ e5 40.g3 Ng6 41.h7 Be7 42.Rg8 Bf6 43.Bg5 Bh8
44.Bh5  1-0

[Event "ch-Moscow S/F 2012"]
[Site "Moscow RUS"]
[Date "2012.03.05"]
[Round "8"]
[White "Burger,Ko"]
[Black "Apryshko,G"]
[Result "0-1"]
[WhiteElo "2214"]
[BlackElo "2287"]

1.e4 g6 2.d4 Bg7 3.Nc3 d6 4.g3 e6 5.Bg2 h6 6.Nge2 Ne7 7.Be3 Nd7 8.Qd2 a6
9.f4 f5 10.d5 fxe4 11.dxe6 Nf6 12.Nxe4 Nxe4 13.Bxe4 Bxb2 14.Rb1 Bf6 15.Qd3 Bxe6
16.Bxg6+ Nxg6 17.Qxg6+ Bf7 18.Qd3 Qd7 19.O-O c5 20.Rb6 Rd8 21.Rfb1 O-O 22.Rxb7 Qc6
23.Kf2 Qd5 24.Qxa6 Qh5 25.Qd3 c4 26.Qe4 d5 27.Qg2 d4 28.Bd2 d3 29.cxd3 cxd3
30.Nc3 Bxc3 31.Bxc3 d2 32.g4 Qc5+  0-1

[Event "83rd ch-GER 2012"]
[Site "Osterburg GER"]
[Date "2012.03.05"]
[Round "4"]
[White "Becker,Mi1"]
[Black "Alber,H"]
[Result "1-0"]
[WhiteElo "2301"]
[BlackElo "2340"]

1.e4 g6 2.d4 Bg7 3.Nc3 d6 4.g3 Nf6 5.Bg2 O-O 6.Nge2 e5 7.O-O Nc6 8.dxe5 Nxe5
9.f4 Nc4 10.b3 Nb6 11.Be3 Qe7 12.a4 Nbd7 13.Qd2 Re8 14.Rae1 c6 15.Nc1 Ng4
16.Bd4 Bxd4+ 17.Qxd4 d5 18.Nd3 dxe4 19.Nxe4 Qf8 20.h3 Nh6 21.g4 Qg7 22.Qxg7+ Kxg7
23.Nd6 Re6 24.Ne8+ Kf8 25.Nc7 Rxe1 26.Rxe1 Rb8 27.Re8+ Kg7 28.Rd8 Ng8 29.Ne8+ Kf8
30.Nf6+ Ke7 31.Nxd7 Kxd8 32.Nxb8 Kc7 33.Nxc6 bxc6 34.Ne5 f5 35.Nxc6 fxg4
36.Nxa7 Bf5 37.Nb5+ Kb6 38.Nd4 gxh3 39.Nxf5 hxg2 40.Ne3 Nf6  1-0

[Event "6th Agzamov Memorial"]
[Site "Tashkent UZB"]
[Date "2012.03.06"]
[Round "1"]
[White "Fedyashin,S"]
[Black "Dzhumaev,M"]
[Result "0-1"]
[WhiteElo "2094"]
[BlackElo "2494"]

1.e4 g6 2.d4 Bg7 3.Nc3 d6 4.Be3 Nd7 5.Nf3 c6 6.Qd2 Qc7 7.Be2 b5 8.a3 a6 9.O-O e5
10.Rad1 Ngf6 11.dxe5 dxe5 12.h3 Bb7 13.Nh4 O-O 14.f3 Rfd8 15.Qe1 Nf8 16.Qf2 Rxd1
17.Bxd1 Ne6 18.g4 c5 19.Ng2 Rd8 20.Ne2 Rd7 21.c3 c4 22.Ng3 Nf4 23.Kh2 Nd3
24.Qc2 Rd6 25.Ne1 Nxb2 26.Be2 Na4 27.f4 Nd7 28.f5 Qa5 29.Bd2 Ndc5 30.Nf3 Nd3
31.g5 Nac5 32.f6 Bf8 33.Bxd3 cxd3 34.Qb2 Qa4 35.c4 Nxe4 36.Nxe4 Bxe4 37.Nxe5 Qc2
38.Qc3 Re6 39.Ng4 Bf5 40.Rf2 Bxg4 41.hxg4 Qxc3 42.Bxc3 bxc4 43.a4 Rb6 44.Kg2 Rb3  0-1

[Event "2nd HD Bank Cup 2012"]
[Site "Ho Chi Minh City VIE"]
[Date "2012.03.07"]
[Round "9.35"]
[White "Gong Qianyun"]
[Black "Nguyen,Hoang Anh"]
[Result "1-0"]
[WhiteElo "2302"]
[BlackElo "1924"]

1.e4 d6 2.d4 g6 3.Nc3 Bg7 4.Be2 Nf6 5.h4 h5 6.Bg5 c5 7.d5 a6 8.f3 b5 9.Qd2 Nbd7
10.Nh3 Ne5 11.Nf2 Qc7 12.Ncd1 Bd7 13.Ne3 Qc8 14.c3 Qb7 15.Bxf6 Bxf6 16.f4 Ng4
17.Nfxg4 hxg4 18.g3 g5 19.Nxg4 Bxg4 20.Bxg4 gxh4 21.O-O-O Kd8 22.e5 Bg7 23.Rxh4 Rxh4
24.gxh4 Bh6 25.exd6 exd6 26.Re1 Rb8 27.Kb1 c4 28.Qd4 Bf8 29.h5 b4 30.h6 bxc3
31.Qxc3 Qb4 32.Qxb4 Rxb4 33.Rh1 c3 34.b3 Rxf4 35.h7 Bg7 36.h8=Q+ Bxh8 37.Rxh8+ Kc7
38.Bh3 Rf2 39.Rc8+ Kb7 40.Rxc3 Rd2 41.Rf3 Rxd5 42.Rxf7+ Kb6 43.Kc2 Kc5 44.Rf5 Rxf5
45.Bxf5 Kb4 46.Kb2 a5 47.a3+ Kc5 48.Kc3 d5 49.Kd3 d4 50.Be4 Kb6 51.Kxd4 Kb5
52.Bd3+ Kb6 53.Kd5 a4 54.b4 Kb7 55.Kc5 Ka7 56.Bb5 Kb8 57.Bxa4 Ka7 58.Kc6  1-0

[Event "2nd HD Bank Cup 2012"]
[Site "Ho Chi Minh City VIE"]
[Date "2012.03.07"]
[Round "9.29"]
[White "Sukandar,I"]
[Black "Nguyen,Minh Tuan"]
[Result "1-0"]
[WhiteElo "2349"]
[BlackElo "2126"]

1.e4 g6 2.d4 Bg7 3.Nc3 d6 4.h3 Nf6 5.Nf3 O-O 6.Be3 c6 7.Bd3 Qc7 8.O-O e5
9.Ne2 Re8 10.Ng3 exd4 11.Bxd4 Nbd7 12.b3 Ne5 13.Nxe5 dxe5 14.Bb2 Be6 15.Qd2 Rad8
16.Rad1 h5 17.Qg5 Nh7 18.Qc1 h4 19.Ne2 g5 20.Kh1 Qe7 21.Qa1 f6 22.a4 Qf7
23.a5 Qh5 24.f3 Nf8 25.Bc1 Ng6 26.Be3 a6 27.Bc4 Bxc4 28.bxc4 Nf4 29.Nxf4 exf4
30.Rxd8 Rxd8 31.Bb6 Rd7 32.Rd1 Qf7 33.Rxd7 Qxd7 34.Qd4 Qxd4 35.Bxd4 f5 36.Bb6 fxe4
37.fxe4 Kf7 38.Kg1 Ke6 39.Kf2 Ke5 40.Kf3 Bf6 41.Bc7+ Kd4 42.e5 Bxe5 43.c3+ Kxc3
44.Bxe5+ Kxc4 45.Bf6 Kb4 46.Bxg5 Kxa5 47.Bxh4 b5 48.Bf6 b4 49.h4 b3 50.h5 Kb4
51.h6  1-0

[Event "44th Belgrade WGM"]
[Site "Belgrade SRB"]
[Date "2012.03.08"]
[Round "6.1"]
[White "Vega Gutierrez,B"]
[Black "Maksimovic,S"]
[Result "0-1"]
[WhiteElo "2177"]
[BlackElo "2227"]

1.e4 d6 2.d4 g6 3.Nc3 Bg7 4.f4 c6 5.Nf3 Bg4 6.Be2 Nd7 7.Be3 e5 8.fxe5 dxe5
9.d5 cxd5 10.Qxd5 Ngf6 11.Qxb7 O-O 12.Rd1 Rb8 13.Qxa7 Rxb2 14.Nxe5 Qc8 15.Bd4 Nxe5
16.Bxe5 Bxe2 17.Nxe2 Rxc2 18.Rf1 Qc4 19.Rf2 Ng4 20.Bxg7 Nxf2 21.Qxf2 Kxg7
22.Qd4+ Qxd4 23.Rxd4 Rb8 24.e5 Rxa2 25.Kf2 Re8 26.Re4 Ra5  0-1

[Event "83rd ch-GER 2012"]
[Site "Osterburg GER"]
[Date "2012.03.08"]
[Round "7"]
[White "Tabatt,H"]
[Black "Pohl Kuemmel,JU"]
[Result "1/2-1/2"]
[WhiteElo "2296"]
[BlackElo "2319"]

1.e4 g6 2.d4 Bg7 3.Nc3 d6 4.Bg5 c6 5.Nf3 Bg4 6.Qd2 Qa5 7.Be2 Nd7 8.O-O Ngf6
9.Rfd1 O-O 10.Qf4 e5 11.dxe5 dxe5 12.Qg3 Rfe8 13.Qh4 h5 14.Bc4 Bxf3 15.gxf3 Qc7
16.Rd3 Nh7 17.Be3 Bf6 18.Qg3 Kg7 19.Rad1 Rad8 20.f4 Nb6 21.Rxd8 Rxd8 22.Rxd8 Bxd8
23.Bb3 Bf6 24.fxe5 Bxe5 25.f4 Bxc3 26.bxc3 c5 27.f5 Qxg3+ 28.hxg3 Nd7 29.e5 Nxe5
30.Bxc5 b6 31.Bd4 f6 32.Kf2 Ng5 33.Ke3 Ngf7 34.fxg6 Nd6 35.c4 Nexc4+ 36.Bxc4 Nxc4+
37.Ke4 Kxg6 38.Kd5 Nd2 39.Be3 Nf3 40.Kc6 Kf5 41.a4 Ke4 42.Bf2 Nd4+ 43.Kb7 b5
44.Bxd4 Kxd4 45.a5 b4 46.a6 Kc3 47.Kxa7 Kxc2 48.Kb7 b3 49.a7 b2 50.a8=Q b1=Q+
51.Kc7 Qb5 52.Qg2+ Kc3 53.Qf3+ Kd4 54.Qf4+ Kc3  1/2-1/2

[Event "44th Belgrade WGM"]
[Site "Belgrade SRB"]
[Date "2012.03.09"]
[Round "7.2"]
[White "Dizdarevic,B"]
[Black "Benderac,A"]
[Result "0-1"]
[WhiteElo "2042"]
[BlackElo "2297"]

1.e4 d6 2.d4 g6 3.Nc3 Bg7 4.Be3 c6 5.Qd2 b5 6.Bd3 a6 7.f4 Nf6 8.h3 Nbd7 9.Nf3 Bb7
10.e5 b4 11.Ne4 Nxe4 12.Bxe4 O-O 13.O-O a5 14.a3 Qb6 15.e6 fxe6 16.Ng5 d5
17.Bf3 Rf6 18.Bg4 Nf8 19.h4 Ba6 20.Rfe1 h6 21.Nf3 b3 22.cxb3 Qxb3 23.Rac1 Qb7
24.Bf2 Rb8 25.h5 gxh5 26.Bxh5 Qxb2 27.Qxa5 Bc4 28.Nd2 Rxf4 29.Qc7 Rxf2 30.Kxf2 Qxd2+
31.Kg3 Qg5+ 32.Bg4 Rb3+  0-1